| 000 | 01595nam0a22002771 4500 | ||
|---|---|---|---|
| 001 | rc\3245054 | ||
| 005 | 20260407081231.0 | ||
| 021 |
_aRU _b[72-48920] |
||
| 035 | _a(NLR Aleph) 007477321 | ||
| 090 |
_a7479068 _c7479068 |
||
| 100 | _a20130115d1972 |||y0rusy50 ca | ||
| 101 | 0 | _arus | |
| 102 | _aRU | ||
| 105 | _ay z ||||| | ||
| 200 | 1 |
_aХронические неспецифические аллергические (бронхиальная астма) заболевания легких и их курортное лечение _eТретья науч.-практ. конф., июнь 1972 г. _eТезисы докл. _f[Ред. канд. мед. наук Я.М. Зонис] _gПятигор. науч.-исслед. ин-т курортологии и физиотерапии. Кисловод. совет по управлению курортами профсоюзов. Кисловод. науч.-исслед. аллергол. лаб. |
|
| 210 |
_aКисловодск _cБ. и. _d1972 |
||
| 215 |
_a334 с. _d21 |
||
| 532 | 1 | 3 | _aХронические неспецифические аллергические бронхиальная астма заболевания легких и их курортное лечение |
| 606 |
_aЛегочные болезни _jСборники _2psbo |
||
| 702 | 1 |
_aЗонис _bЯ.М. _4340 |
|
| 712 | 0 | 2 |
_aПятигорский НИИ курортологии и физиотерапии _3RU\NLR\AUTH\886946 _9285871 |
| 801 | 0 |
_aRU _bNLR _gpsbo |
|
| 801 | 1 |
_aRU _bELAR _2rusmarc |
|
| 852 |
_aNLR _j72-3/5922 |
||
| 942 | _cBOOK | ||
| 980 | _aNB | ||